Agricultural policies 1915-35: being a history of the central chamber of Agriculture during that period (Record no. 98207)

MARC details
000 -LEADER
fixed length control field 00483cam a2200181 4500
001 - CONTROL NUMBER
control field D14783
008 - FIXED-LENGTH DATA ELEMENTS--GENERAL INFORMATION
fixed length control field 090401t1937 xxu||||| |||| 00| 0 eng d
035 ## - SYSTEM CONTROL NUMBER
System control number (Sirsi) u94853
041 ## - LANGUAGE CODE
Language code of text/sound track or separate title eng
050 ## - LIBRARY OF CONGRESS CALL NUMBER
Classification number 630
100 ## - MAIN ENTRY--PERSONAL NAME
Personal name Jeffock, W Phillip
245 ## - TITLE STATEMENT
Title Agricultural policies 1915-35: being a history of the central chamber of Agriculture during that period
260 ## - PUBLICATION, DISTRIBUTION, ETC.
Place of publication, distribution, etc. Ipswich
Name of publisher, distributor, etc. Harrison
Date of publication, distribution, etc. 1937
300 ## - PHYSICAL DESCRIPTION
Extent 140p. 22cm
350 ## - PRICE (NR) (BK AM CF MU VM SE) [OBSOLETE]
Price 0
942 ## - ADDED ENTRY ELEMENTS (KOHA)
Suppress in OPAC 0
948 ## - LOCAL PROCESSING INFORMATION (OCLC); SERIES PART DESIGNATOR (RLIN)
c (OCLC) 04/03/1997
Holdings
Withdrawn status Lost status Source of classification or shelving scheme Damaged status Not for loan Home library Current library Shelving location Date acquired Total Checkouts Full call number Barcode Date last seen Copy number Price effective from Koha item type
    Other/Generic Classification Scheme     London London Basement 04/09/2002   RESERVE SHELVES 94853-1001 06/08/2019 1 06/08/2019 Reference material